000
00289nam a22001337a 4500
008
170527b xxu||||| |||| 00| 0 eng d
020
_a
0130548170
041
_a
eng
080
_a
621
100
_a
27
101
_a
IM
245
_a
AUTOMATIC CONTROL SYSTEMS
_c
KUO, B.C
942
_2
udc
_c
BK
999
_c
14623
_d
14623